| 000 | 01132cam a2200313 4500 | ||
|---|---|---|---|
| 008 | 010719n2001 000 0 eng u | ||
| 020 | _a0102910529 | ||
| 035 | _a(Sirsi) u113699 | ||
| 050 | _a346.410438 | ||
| 110 |
_aEngland and Wales _bLaw Commission _93302 |
||
| 245 | _aLand registration for the twenty-first century : a conveyancing revolution : land registartion bill and commentary. | ||
| 260 |
_aLondon _bStationery Office _c2001 |
||
| 300 |
_axv,603p. _c30cm. |
||
| 350 | _a45.00 | ||
| 490 |
_aHC _v114 |
||
| 490 |
_aLaw Commission Report _v271 |
||
| 520 | _aFull text of the bill and commentary available at http://www.lawcom.gov.uk | ||
| 650 | _aADVERSE POSSESSION | ||
| 650 | _aCONVEYANCING | ||
| 650 | _aDISPOSITION | ||
| 650 | _aECONVEYANCING | ||
| 650 | _aLAND REGISTRATION | ||
| 650 | _aHM LAND REGISTRY | ||
| 650 | _aOVERRIDING INTEREST | ||
| 690 | _aPROPERTY AND LAND LAW-CONVEYANCING | ||
| 710 |
_aHM Land Registry _91247 |
||
| 856 |
_uhttps://cloud-platform-e218f50a4812967ba1215eaecede923f.s3.amazonaws.com/uploads/sites/30/2015/04/Lc271.pdf _zLaw Commission paper 271 |
||
| 942 |
_n0 _2ddc |
||
| 999 |
_c101547 _d101547 |
||